000 00786nam a2200217 a 4500
001 000043432
005 20201002040916.0
008 140317s1998 sp c 000 0 spa d
020 _a8493006513
040 _aDO-SdBNP
_bspa
_cBNPHU
100 1 _aSpoto, Donald
_971098
240 1 0 _aThe dark side of genius. The life of Alfred Hitchcock
245 1 0 _aAlfred Hitchcock :
_bla cara oculta del genio. /
_cDonald Spoto; traducción Domingo Santos.
260 _aMadrid, :
_bT&B Editores
_bEdiciones JC,
_c1998.
300 _a508 p. :
_bretrs. ;
_c24 cm.
490 1 _aEdiciones de cultura hispanica
_aColombina
_v2
500 _aIncluye notas a pie de página
700 1 2 _aSantos, Domingo
_etrad.
_942720
830 0 _aEdiciones de cultura hispanica
_971099
830 0 _aColombina
_n2
_971100
999 _c42921
_d42921